| 000 | 00875nam a2200265Ia 4500 | ||
|---|---|---|---|
| 003 | OSt | ||
| 005 | 20251113124036.0 | ||
| 008 | 210210b2017 xxu||||| |||| 00| 0 eng d | ||
| 040 | _cAL | ||
| 041 | _aKannada | ||
| 082 | _aK894.8 NIRP | ||
| 100 |
_aNIRANJANA VALISHETTARA _dನಿರಂಜನ ವಾಲಿಶೆಟ್ಟರ _9245421 |
||
| 245 |
_aPapu thombhathentu: danivariyada chetana _b ಪಾಪು ತೊಂಬತ್ತೆಂಟು : ದಣಿವರಿಯದ ಚೇತನ |
||
| 260 |
_aHubballi _bSahitya Prakashana _c2017 |
||
| 300 | _avi,208 | ||
| 650 |
_athombhathentu _9245422 |
||
| 650 |
_aPapu _9245423 |
||
| 650 |
_adanivariyada _9245424 |
||
| 650 |
_achetana _9245425 |
||
| 650 |
_a98 _9245426 |
||
| 690 |
_aKannada Miscellaneous _9245427 |
||
| 700 |
_aHEGADE (G M) _dಹೆಗಡೆ (ಜಿ ಎಮ್) . _9245428 |
||
| 906 | _a072373 | ||
| 942 |
_2ddc _cBK |
||
| 999 |
_c122342 _d122342 |
||